[Event "Blitz 2018"]
[Site "Saint-Petersburg"]
[Date "2018.12.29"]
[Round "11"]
[Board "51"]
[White "Bosiocic Marin (CRO)"]
[Black "Dzhumagaliev Yan (RUS)"]
[Result "1-0"]
[LiveChessVersion "1.4.8"]
[BlackElo "2489"]
[WhiteElo "2653"]

1. e4 {[%clk 0:03:03]} c5 {[%clk 0:03:03]} 2. Nf3 {[%clk 0:03:04]} e6
{[%clk 0:03:04]} 3. g3 {[%clk 0:03:04]} Nc6 {[%clk 0:03:04]} 4. Bg2
{[%clk 0:03:05]} Nf6 {[%clk 0:02:46]} 5. d3 {[%clk 0:03:06]} g6 {[%clk 0:02:45]}
6. O-O {[%clk 0:03:01]} Bg7 {[%clk 0:02:44]} 7. c3 {[%clk 0:03:02]} O-O
{[%clk 0:02:13]} 8. Be3 {[%clk 0:03:03]} d6 {[%clk 0:02:12]} 9. Qc1
{[%clk 0:03:00]} Re8 {[%clk 0:02:12]} 10. Bg5 {[%clk 0:02:59]} Qc7
{[%clk 0:02:08]} 11. Na3 {[%clk 0:03:00]} a6 {[%clk 0:02:09]} 12. Nc2
{[%clk 0:02:54]} e5 {[%clk 0:02:07]} 13. Ne3 {[%clk 0:02:54]} Be6
{[%clk 0:02:07]} 14. h3 {[%clk 0:02:36]} Qd7 {[%clk 0:02:04]} 15. Kh2
{[%clk 0:02:30]} Ne7 {[%clk 0:01:45]} 16. Rd1 {[%clk 0:02:25]} h6
{[%clk 0:01:43]} 17. Bxf6 {[%clk 0:02:26]} Bxf6 {[%clk 0:01:44]} 18. d4
{[%clk 0:02:26]} cxd4 {[%clk 0:01:45]} 19. cxd4 {[%clk 0:02:27]} Rac8
{[%clk 0:01:45]} 20. Qd2 {[%clk 0:02:28]} Qb5 {[%clk 0:01:35]} 21. a4
{[%clk 0:02:20]} Qb6 {[%clk 0:01:31]} 22. a5 {[%clk 0:02:21]} Qa7
{[%clk 0:01:26]} 23. Ng4 {[%clk 0:02:05]} Bxg4 {[%clk 0:01:28]} 24. hxg4
{[%clk 0:02:06]} Bg7 {[%clk 0:01:20]} 25. dxe5 {[%clk 0:02:03]} dxe5
{[%clk 0:01:21]} 26. Ra3 {[%clk 0:01:34]} Nc6 {[%clk 0:01:21]} 27. Rd3
{[%clk 0:01:33]} Qc5 {[%clk 0:01:19]} 28. Rd5 {[%clk 0:01:28]} Qc4
{[%clk 0:01:13]} 29. g5 {[%clk 0:01:02]} h5 {[%clk 0:01:10]} 30. Bh3
{[%clk 0:01:03]} Rcd8 {[%clk 0:01:09]} 31. Qe3 {[%clk 0:01:02]} Nd4
{[%clk 0:01:01]} 32. Bd7 {[%clk 0:00:49]} Re7 {[%clk 0:00:53]} 33. Bb5
{[%clk 0:00:49]} Qc7 {[%clk 0:00:53]} 34. Bc4 {[%clk 0:00:49]} Ree8
{[%clk 0:00:48]} 35. b3 {[%clk 0:00:43]} Qe7 {[%clk 0:00:46]} 36. Nxd4
{[%clk 0:00:40]} exd4 {[%clk 0:00:46]} 37. Qf3 {[%clk 0:00:42]} Be5
{[%clk 0:00:29]} 38. Kg2 {[%clk 0:00:39]} Kg7 {[%clk 0:00:28]} 39. Rf1
{[%clk 0:00:33]} Bb8 {[%clk 0:00:22]} 40. Re1 {[%clk 0:00:31]} Be5
{[%clk 0:00:22]} 41. Rf1 {[%clk 0:00:31]} Bc7 {[%clk 0:00:23]} 42. Qd3
{[%clk 0:00:30]} Rxd5 {[%clk 0:00:15]} 43. Bxd5 {[%clk 0:00:31]} Qc5
{[%clk 0:00:13]} 44. Ra1 {[%clk 0:00:25]} Qc3 {[%clk 0:00:10]} 45. Qf1
{[%clk 0:00:23]} Bxa5 {[%clk 0:00:08]} 46. Rc1 {[%clk 0:00:24]} Qd2
{[%clk 0:00:08]} 47. Rd1 {[%clk 0:00:22]} Qxg5 {[%clk 0:00:08]} 48. Rd3
{[%clk 0:00:19]} Bc3 {[%clk 0:00:08]} 49. Rf3 {[%clk 0:00:20]} Re7
{[%clk 0:00:10]} 50. Qc4 {[%clk 0:00:21]} Qe5 {[%clk 0:00:06]} 51. Qc8
{[%clk 0:00:19]} b5 {[%clk 0:00:04]} 52. Qxa6 {[%clk 0:00:19]} b4
{[%clk 0:00:05]} 53. Qc4 {[%clk 0:00:20]} Qc7 {[%clk 0:00:06]} 54. Qa6
{[%clk 0:00:19]} Qe5 {[%clk 0:00:07]} 55. Qc6 {[%clk 0:00:20]} Qg5
{[%clk 0:00:06]} 56. Qd6 {[%clk 0:00:20]} h4 {[%clk 0:00:05]} 57. Qd8
{[%clk 0:00:18]} hxg3 {[%clk 0:00:05]} 58. Rxf7+ {[%clk 0:00:18]} Rxf7
{[%clk 0:00:04]} 59. Qxg5 {[%clk 0:00:19]} Rxf2+ {[%clk 0:00:04]} 60. Kxg3
{[%clk 0:00:19]} Re2 {[%clk 0:00:04]} 61. Qe7+ {[%clk 0:00:20]} Kh6
{[%clk 0:00:06]} 62. Qf8+ {[%clk 0:00:21]} Kh5 {[%clk 0:00:05]} 63. Qh8+
{[%clk 0:00:22]} Kg5 {[%clk 0:00:06]} 64. Qh4# {[%clk 0:00:23]} 1-0

[Event "Blitz 2018"]
[Site "Saint-Petersburg"]
[Date "2018.12.29"]
[Round "11"]
[Board "52"]
[White "Mikhalevski Victor (ISR)"]
[Black "Zvjaginsev Vadim (RUS)"]
[Result "1-0"]
[LiveChessVersion "1.4.8"]
[BlackElo "2649"]
[WhiteElo "2521"]

1. d4 {[%clk 0:03:02]} Nf6 {[%clk 0:03:03]} 2. Nf3 {[%clk 0:03:03]} g6
{[%clk 0:03:04]} 3. g3 {[%clk 0:03:04]} Bg7 {[%clk 0:03:05]} 4. Bg2
{[%clk 0:03:05]} c5 {[%clk 0:03:06]} 5. c3 {[%clk 0:03:02]} cxd4 {[%clk 0:03:01]}
6. cxd4 {[%clk 0:03:03]} O-O {[%clk 0:03:00]} 7. Nc3 {[%clk 0:03:04]} d6
{[%clk 0:02:54]} 8. O-O {[%clk 0:03:00]} Nc6 {[%clk 0:02:54]} 9. d5
{[%clk 0:02:57]} Na5 {[%clk 0:02:53]} 10. Nd4 {[%clk 0:02:57]} Bd7
{[%clk 0:02:52]} 11. b3 {[%clk 0:02:54]} Qc8 {[%clk 0:02:39]} 12. Bb2
{[%clk 0:02:43]} Bh3 {[%clk 0:02:39]} 13. Rc1 {[%clk 0:02:34]} Bxg2
{[%clk 0:02:39]} 14. Kxg2 {[%clk 0:02:35]} Qd7 {[%clk 0:02:39]} 15. f3
{[%clk 0:02:25]} Rfc8 {[%clk 0:02:28]} 16. Qd3 {[%clk 0:02:23]} a6
{[%clk 0:02:21]} 17. e4 {[%clk 0:02:14]} b5 {[%clk 0:02:21]} 18. Qd2
{[%clk 0:02:06]} Ne8 {[%clk 0:02:14]} 19. Nce2 {[%clk 0:02:04]} Nb7
{[%clk 0:02:09]} 20. b4 {[%clk 0:01:56]} e6 {[%clk 0:02:04]} 21. Nc6
{[%clk 0:01:42]} Nd8 {[%clk 0:01:54]} 22. Na5 {[%clk 0:01:34]} exd5
{[%clk 0:01:44]} 23. Bxg7 {[%clk 0:01:32]} Nxg7 {[%clk 0:01:41]} 24. Qxd5
{[%clk 0:01:31]} Qe6 {[%clk 0:01:32]} 25. Qd2 {[%clk 0:01:18]} Qe5
{[%clk 0:01:24]} 26. Nf4 {[%clk 0:01:16]} Nge6 {[%clk 0:01:11]} 27. Nd5
{[%clk 0:01:15]} Kg7 {[%clk 0:01:11]} 28. Rfe1 {[%clk 0:01:09]} h5
{[%clk 0:01:04]} 29. Rcd1 {[%clk 0:00:57]} Kf8 {[%clk 0:00:57]} 30. f4
{[%clk 0:00:56]} Qh8 {[%clk 0:00:57]} 31. f5 {[%clk 0:00:53]} 1-0

[Event "Blitz 2018"]
[Site "Saint-Petersburg"]
[Date "2018.12.29"]
[Round "11"]
[Board "53"]
[White "Alekseev Evgeny (RUS)"]
[Black "Usmanov Vasily (RUS)"]
[Result "0-1"]
[LiveChessVersion "1.4.8"]
[BlackElo "2459"]
[WhiteElo "2634"]

1. Nf3 {[%clk 0:03:03]} d5 {[%clk 0:03:04]} 2. e3 {[%clk 0:03:03]} c5
{[%clk 0:03:04]} 3. b3 {[%clk 0:03:04]} Nc6 {[%clk 0:03:04]} 4. Bb5
{[%clk 0:03:05]} Bd7 {[%clk 0:03:04]} 5. Bb2 {[%clk 0:03:05]} a6 {[%clk 0:03:02]}
6. Bxc6 {[%clk 0:03:06]} Bxc6 {[%clk 0:03:03]} 7. Ne5 {[%clk 0:02:59]} Rc8
{[%clk 0:02:59]} 8. O-O {[%clk 0:02:59]} Nf6 {[%clk 0:02:54]} 9. d3
{[%clk 0:03:00]} g6 {[%clk 0:02:50]} 10. Nd2 {[%clk 0:02:21]} Bg7
{[%clk 0:02:51]} 11. Nxc6 {[%clk 0:02:15]} Rxc6 {[%clk 0:02:52]} 12. Nf3
{[%clk 0:02:14]} O-O {[%clk 0:02:51]} 13. Qe2 {[%clk 0:02:15]} h6
{[%clk 0:02:42]} 14. c4 {[%clk 0:02:14]} Rd6 {[%clk 0:02:34]} 15. cxd5
{[%clk 0:02:10]} Nxd5 {[%clk 0:02:23]} 16. Bxg7 {[%clk 0:02:09]} Kxg7
{[%clk 0:02:24]} 17. a3 {[%clk 0:02:03]} e6 {[%clk 0:01:59]} 18. Rac1
{[%clk 0:02:02]} b6 {[%clk 0:01:59]} 19. b4 {[%clk 0:01:23]} cxb4 20. axb4
{[%clk 0:01:24]} Qf6 {[%clk 0:01:54]} 21. Qd2 {[%clk 0:01:19]} e5
{[%clk 0:01:32]} 22. Rc4 {[%clk 0:01:17]} Rfd8 {[%clk 0:01:32]} 23. h3
{[%clk 0:01:11]} Ne7 {[%clk 0:01:21]} 24. d4 {[%clk 0:00:57]} exd4
{[%clk 0:01:18]} 25. Rxd4 {[%clk 0:00:58]} Rxd4 {[%clk 0:01:08]} 26. Nxd4
{[%clk 0:00:58]} Nc6 {[%clk 0:01:06]} 27. Rd1 {[%clk 0:00:59]} Nxd4 28. exd4
{[%clk 0:01:00]} Rd5 {[%clk 0:01:04]} 29. Qd3 {[%clk 0:00:59]} b5
{[%clk 0:00:58]} 30. Qc3 {[%clk 0:00:55]} h5 {[%clk 0:00:49]} 31. Qd2
{[%clk 0:00:54]} h4 {[%clk 0:00:49]} 32. Qc3 {[%clk 0:00:53]} Qf4
{[%clk 0:00:48]} 33. Qe3 {[%clk 0:00:54]} Qd6 {[%clk 0:00:42]} 34. Qc3
{[%clk 0:00:52]} Qd7 {[%clk 0:00:40]} 35. Qe3 {[%clk 0:00:52]} Qd8
{[%clk 0:00:41]} 36. Qc3 {[%clk 0:00:51]} Kg8 {[%clk 0:00:39]} 37. Qd2
{[%clk 0:00:49]} Qd6 {[%clk 0:00:39]} 38. Qc3 {[%clk 0:00:49]} Kg7
{[%clk 0:00:39]} 39. Qd2 {[%clk 0:00:50]} Qf6 {[%clk 0:00:40]} 40. Qe3
{[%clk 0:00:48]} Qd8 {[%clk 0:00:35]} 41. Qd2 {[%clk 0:00:49]} Qd6
{[%clk 0:00:36]} 42. Qc3 {[%clk 0:00:49]} Qd7 {[%clk 0:00:36]} 43. Qd2
{[%clk 0:00:49]} Qc7 {[%clk 0:00:36]} 44. Rc1 {[%clk 0:00:48]} Qd6
{[%clk 0:00:37]} 45. Rd1 {[%clk 0:00:49]} Kg8 {[%clk 0:00:38]} 46. Qc3
{[%clk 0:00:49]} Qd7 {[%clk 0:00:39]} 47. Qd2 {[%clk 0:00:48]} Qc7
{[%clk 0:00:41]} 48. Qe1 {[%clk 0:00:42]} Qc4 {[%clk 0:00:39]} 49. Qd2
{[%clk 0:00:43]} Kg7 {[%clk 0:00:38]} 50. Kh1 {[%clk 0:00:41]} Qb3
{[%clk 0:00:30]} 51. Kg1 {[%clk 0:00:41]} Qc4 {[%clk 0:00:31]} 52. Kh1
{[%clk 0:00:41]} Qc7 {[%clk 0:00:22]} 53. Kg1 {[%clk 0:00:40]} Qd8
{[%clk 0:00:23]} 54. Qc3 {[%clk 0:00:39]} Qf6 {[%clk 0:00:24]} 55. Qe3
{[%clk 0:00:37]} Qf5 {[%clk 0:00:23]} 56. Qd2 {[%clk 0:00:35]} Qe4
{[%clk 0:00:22]} 57. Qd3 {[%clk 0:00:23]} Qxd3 {[%clk 0:00:22]} 58. Rxd3
{[%clk 0:00:25]} Kf6 {[%clk 0:00:22]} 59. Kf1 {[%clk 0:00:25]} Ke6
{[%clk 0:00:21]} 60. Ke2 {[%clk 0:00:26]} Rg5 {[%clk 0:00:22]} 61. Kf1
{[%clk 0:00:16]} Kd5 {[%clk 0:00:22]} 62. Ra3 {[%clk 0:00:17]} Kxd4
{[%clk 0:00:23]} 63. Rxa6 {[%clk 0:00:17]} Kc4 {[%clk 0:00:23]} 64. Rf6
{[%clk 0:00:15]} Kxb4 {[%clk 0:00:19]} 65. Rxf7 {[%clk 0:00:16]} Kc4
{[%clk 0:00:14]} 66. Rf4+ {[%clk 0:00:17]} Kc3 {[%clk 0:00:15]} 67. Rf3+
{[%clk 0:00:16]} Kc2 {[%clk 0:00:16]} 68. Rf4 {[%clk 0:00:17]} Kc3
{[%clk 0:00:14]} 69. Rf3+ {[%clk 0:00:18]} Kb2 {[%clk 0:00:13]} 70. Rf4
{[%clk 0:00:19]} Ka3 {[%clk 0:00:14]} 71. Rxh4 {[%clk 0:00:16]} b4
{[%clk 0:00:16]} 72. Rd4 {[%clk 0:00:14]} b3 {[%clk 0:00:17]} 73. f4
{[%clk 0:00:07]} b2 {[%clk 0:00:14]} 74. Rd3+ {[%clk 0:00:08]} Kb4
{[%clk 0:00:13]} 75. Rd1 {[%clk 0:00:08]} Rc5 {[%clk 0:00:14]} 0-1

[Event "Blitz 2018"]
[Site "Saint-Petersburg"]
[Date "2018.12.29"]
[Round "11"]
[Board "54"]
[White "Seliverstov Vladimir (RUS)"]
[Black "Rakhmanov Aleksandr (RUS)"]
[Result "1-0"]
[LiveChessVersion "1.4.8"]
[BlackElo "2615"]
[WhiteElo "2512"]

1. d4 {[%clk 0:03:02]} Nf6 {[%clk 0:03:03]} 2. c4 {[%clk 0:03:02]} d6
{[%clk 0:03:04]} 3. Nf3 {[%clk 0:03:02]} g6 {[%clk 0:03:05]} 4. g3
{[%clk 0:03:03]} Bg7 {[%clk 0:03:06]} 5. Bg2 {[%clk 0:03:04]} c6 {[%clk 0:03:07]}
6. O-O {[%clk 0:03:04]} O-O {[%clk 0:03:08]} 7. Nc3 {[%clk 0:03:05]} Bf5
{[%clk 0:03:09]} 8. Ne1 {[%clk 0:02:58]} Be6 {[%clk 0:03:09]} 9. b3
{[%clk 0:02:55]} d5 {[%clk 0:03:10]} 10. cxd5 {[%clk 0:02:41]} cxd5
{[%clk 0:02:57]} 11. Nd3 {[%clk 0:02:40]} Bf5 {[%clk 0:02:54]} 12. Nf4
{[%clk 0:02:36]} e6 {[%clk 0:02:49]} 13. Ba3 {[%clk 0:02:29]} Re8
{[%clk 0:02:48]} 14. Rc1 {[%clk 0:02:10]} Nc6 {[%clk 0:02:46]} 15. e3
{[%clk 0:02:03]} h5 {[%clk 0:02:27]} 16. Na4 {[%clk 0:01:57]} Rc8
{[%clk 0:02:20]} 17. Nc5 {[%clk 0:01:57]} Qa5 {[%clk 0:02:01]} 18. Bb2
{[%clk 0:01:39]} Re7 {[%clk 0:01:51]} 19. Qe2 {[%clk 0:01:31]} Qd8
{[%clk 0:01:47]} 20. Qb5 {[%clk 0:01:20]} Qb6 {[%clk 0:01:30]} 21. Qa4
{[%clk 0:01:08]} Rec7 {[%clk 0:01:20]} 22. Bc3 {[%clk 0:01:01]} a6
{[%clk 0:01:02]} 23. b4 {[%clk 0:00:49]} Na7 {[%clk 0:00:58]} 24. Qb3
{[%clk 0:00:44]} Nb5 {[%clk 0:00:56]} 25. Bd2 {[%clk 0:00:44]} Nd6
{[%clk 0:00:54]} 26. a4 {[%clk 0:00:33]} Nc4 {[%clk 0:00:54]} 27. Bc3
{[%clk 0:00:35]} Nd6 {[%clk 0:00:38]} 28. Rfd1 {[%clk 0:00:23]} Qa7
{[%clk 0:00:38]} 29. a5 {[%clk 0:00:24]} Nb5 {[%clk 0:00:38]} 30. Bd2
{[%clk 0:00:23]} Rc6 {[%clk 0:00:38]} 31. Bf1 {[%clk 0:00:18]} Nd6
{[%clk 0:00:38]} 32. f3 {[%clk 0:00:19]} g5 {[%clk 0:00:38]} 33. Nfd3
{[%clk 0:00:21]} g4 {[%clk 0:00:39]} 34. Ne5 {[%clk 0:00:21]} R6c7
{[%clk 0:00:40]} 35. Be2 {[%clk 0:00:19]} gxf3 {[%clk 0:00:40]} 36. Bxf3
{[%clk 0:00:20]} Nde4 {[%clk 0:00:38]} 37. Be1 {[%clk 0:00:18]} Ng4
{[%clk 0:00:38]} 38. Nxg4 {[%clk 0:00:14]} hxg4 {[%clk 0:00:39]} 39. Bxe4
{[%clk 0:00:13]} dxe4 {[%clk 0:00:39]} 40. Bd2 {[%clk 0:00:13]} b6
{[%clk 0:00:40]} 41. Na4 {[%clk 0:00:12]} bxa5 {[%clk 0:00:35]} 42. bxa5
{[%clk 0:00:14]} Rxc1 {[%clk 0:00:32]} 43. Rxc1 {[%clk 0:00:15]} Rxc1+
{[%clk 0:00:32]} 44. Bxc1 {[%clk 0:00:17]} Qc7 {[%clk 0:00:28]} 45. Bd2
{[%clk 0:00:18]} Qc6 {[%clk 0:00:29]} 46. Nc5 {[%clk 0:00:09]} e5
{[%clk 0:00:30]} 47. Qb6 {[%clk 0:00:11]} Qd5 {[%clk 0:00:31]} 48. Nxa6
{[%clk 0:00:04]} exd4 {[%clk 0:00:32]} 49. Nc7 {[%clk 0:00:04]} Qa2
{[%clk 0:00:30]} 50. Qb4 {[%clk 0:00:03]} Bc8 {[%clk 0:00:19]} 51. Nb5
{[%clk 0:00:04]} Ba6 {[%clk 0:00:18]} 52. Nxd4 {[%clk 0:00:03]} Qa1+
{[%clk 0:00:18]} 53. Be1 {[%clk 0:00:04]} Bxd4 {[%clk 0:00:10]} 54. exd4
{[%clk 0:00:06]} e3 {[%clk 0:00:11]} 55. Qc3 {[%clk 0:00:05]} Qa2
{[%clk 0:00:03]} 56. Qxe3 {[%clk 0:00:06]} Bb7 {[%clk 0:00:05]} 57. Bf2
{[%clk 0:00:05]} Qb1+ {[%clk 0:00:06]} 58. Qe1 {[%clk 0:00:06]} Qb5
{[%clk 0:00:06]} 59. Qe5 {[%clk 0:00:04]} Qb1+ {[%clk 0:00:07]} 60. Qe1
{[%clk 0:00:06]} Qb5 {[%clk 0:00:08]} 61. Qe5 {[%clk 0:00:05]} Qb1+
{[%clk 0:00:07]} 62. Qe1 {[%clk 0:00:05]} Qb5 {[%clk 0:00:07]} 63. Qe5
{[%clk 0:00:03]} Qb1+ {[%clk 0:00:08]} 64. Qe1 {[%clk 0:00:05]} Qf5
{[%clk 0:00:04]} 65. Qe8+ {[%clk 0:00:04]} Kh7 {[%clk 0:00:05]} 66. Qe3
{[%clk 0:00:03]} Qd5 {[%clk 0:00:05]} 67. Kf1 {[%clk 0:00:04]} Ba6+
{[%clk 0:00:05]} 68. Ke1 {[%clk 0:00:05]} Qc4 {[%clk 0:00:05]} 69. Qe4+
{[%clk 0:00:06]} Kh8 {[%clk 0:00:05]} 70. Qe5+ {[%clk 0:00:06]} Kh7
{[%clk 0:00:07]} 71. Qh5+ {[%clk 0:00:07]} Kg8 {[%clk 0:00:08]} 72. Qxg4+
{[%clk 0:00:08]} Kf8 {[%clk 0:00:09]} 73. Qf3 {[%clk 0:00:07]} Qb4+
{[%clk 0:00:10]} 74. Kd1 {[%clk 0:00:09]} Qb1+ {[%clk 0:00:10]} 75. Kd2
{[%clk 0:00:10]} Qb2+ {[%clk 0:00:12]} 76. Ke3 {[%clk 0:00:11]} Qc1+
{[%clk 0:00:13]} 77. Ke4 {[%clk 0:00:11]} Bb7+ {[%clk 0:00:08]} 78. d5
{[%clk 0:00:13]} Qc4+ {[%clk 0:00:10]} 79. Ke5 {[%clk 0:00:13]} Qb4
{[%clk 0:00:05]} 80. Qe3 {[%clk 0:00:07]} Qb2+ {[%clk 0:00:06]} 81. Qd4
{[%clk 0:00:07]} Qe2+ {[%clk 0:00:07]} 82. Kf4 {[%clk 0:00:07]} Bxd5
{[%clk 0:00:06]} 83. Qc5+ {[%clk 0:00:07]} Kg8 {[%clk 0:00:06]} 84. Qc8+
{[%clk 0:00:03]} Kh7 {[%clk 0:00:03]} 85. Qh3+ {[%clk 0:00:04]} Kg6
{[%clk 0:00:04]} 86. Qg4+ {[%clk 0:00:03]} Qxg4+ {[%clk 0:00:05]} 87. Kxg4
{[%clk 0:00:04]} f5+ {[%clk 0:00:03]} 88. Kf4 {[%clk 0:00:06]} Kf6
{[%clk 0:00:05]} 89. Bd4+ {[%clk 0:00:07]} Kg6 {[%clk 0:00:06]} 90. Ke5
{[%clk 0:00:07]} Bc4 {[%clk 0:00:07]} 91. Kd6 {[%clk 0:00:07]} Kf7
{[%clk 0:00:08]} 92. Kc5 {[%clk 0:00:07]} Be2 {[%clk 0:00:09]} 93. Kb6
{[%clk 0:00:07]} Ke6 {[%clk 0:00:10]} 94. a6 {[%clk 0:00:08]} Kd7
{[%clk 0:00:11]} 95. a7 {[%clk 0:00:09]} Bf3 {[%clk 0:00:12]} 96. Kc5
{[%clk 0:00:09]} Ke6 {[%clk 0:00:13]} 97. Bf2 {[%clk 0:00:10]} Bg2
{[%clk 0:00:13]} 98. h4 {[%clk 0:00:10]} Bf3 {[%clk 0:00:14]} 99. Be3
{[%clk 0:00:12]} Kd7 {[%clk 0:00:14]} 100. Bd2 {[%clk 0:00:12]} Kc7
{[%clk 0:00:15]} 101. Kd4 {[%clk 0:00:11]} Kb7 {[%clk 0:00:15]} 102. Ke5
{[%clk 0:00:10]} Bg4 {[%clk 0:00:17]} 103. Be3 {[%clk 0:00:12]} Ka8
{[%clk 0:00:17]} 104. Kf6 {[%clk 0:00:13]} Kb7 {[%clk 0:00:18]} 105. Kg5
{[%clk 0:00:14]} Ka8 {[%clk 0:00:19]} 106. h5 1-0

[Event "Blitz 2018"]
[Site "Saint-Petersburg"]
[Date "2018.12.29"]
[Round "11"]
[Board "55"]
[White "Salgado Lopez Ivan (ESP)"]
[Black "Shaposhnikov Evgeny (RUS)"]
[Result "1-0"]
[LiveChessVersion "1.4.8"]
[BlackElo "2603"]
[WhiteElo "2513"]

1. e4 {[%clk 0:03:02]} c5 {[%clk 0:03:02]} 2. Nf3 {[%clk 0:03:03]} e6
{[%clk 0:03:03]} 3. c3 {[%clk 0:03:00]} d5 {[%clk 0:03:02]} 4. exd5
{[%clk 0:02:59]} exd5 {[%clk 0:03:03]} 5. Bb5+ {[%clk 0:03:00]} Bd7
{[%clk 0:03:02]} 6. Qe2+ {[%clk 0:03:01]} Qe7 {[%clk 0:02:56]} 7. O-O
{[%clk 0:03:01]} Qxe2 {[%clk 0:02:49]} 8. Bxe2 {[%clk 0:03:02]} Nc6
{[%clk 0:02:46]} 9. d4 {[%clk 0:03:03]} cxd4 {[%clk 0:02:42]} 10. Nxd4
{[%clk 0:03:04]} Nxd4 {[%clk 0:02:39]} 11. cxd4 {[%clk 0:03:05]} Nf6
{[%clk 0:02:33]} 12. Nc3 {[%clk 0:02:58]} Bb4 {[%clk 0:02:29]} 13. Bd2
{[%clk 0:02:42]} O-O {[%clk 0:02:23]} 14. f3 {[%clk 0:02:41]} Rfe8
{[%clk 0:02:20]} 15. Kf2 {[%clk 0:02:41]} Ba5 {[%clk 0:02:08]} 16. Rfd1
{[%clk 0:02:28]} Bb6 {[%clk 0:02:02]} 17. Bg5 {[%clk 0:02:25]} Bc6
{[%clk 0:01:47]} 18. Bxf6 {[%clk 0:02:17]} gxf6 {[%clk 0:01:48]} 19. Bb5
{[%clk 0:02:12]} Bxb5 {[%clk 0:01:34]} 20. Nxb5 {[%clk 0:02:12]} Rac8
{[%clk 0:01:34]} 21. Nc3 {[%clk 0:02:01]} Rc4 {[%clk 0:01:28]} 22. Nxd5
{[%clk 0:01:56]} Rc2+ {[%clk 0:01:02]} 23. Kg3 {[%clk 0:01:51]} Ree2
{[%clk 0:01:00]} 24. Nxb6 {[%clk 0:01:51]} axb6 {[%clk 0:00:52]} 25. Kf4
{[%clk 0:01:31]} Rxg2 {[%clk 0:00:39]} 26. d5 {[%clk 0:01:27]} Kf8
{[%clk 0:00:29]} 27. Rd3 {[%clk 0:01:19]} Rxh2 {[%clk 0:00:23]} 28. Rad1
{[%clk 0:01:15]} Ke8 {[%clk 0:00:22]} 29. d6 {[%clk 0:01:15]} Kd7
{[%clk 0:00:24]} 30. Re1 {[%clk 0:01:16]} Rce2 {[%clk 0:00:21]} 31. Rc1
{[%clk 0:01:16]} Rc2 {[%clk 0:00:21]} 32. Re1 {[%clk 0:01:17]} Rhe2
{[%clk 0:00:15]} 33. Rh1 {[%clk 0:01:19]} Rc4+ {[%clk 0:00:14]} 34. Kf5
{[%clk 0:01:13]} Re5+ {[%clk 0:00:14]} 35. Kxf6 {[%clk 0:01:13]} Re6+
{[%clk 0:00:12]} 36. Kxf7 {[%clk 0:01:10]} Rf4+ {[%clk 0:00:12]} 37. Kg7
{[%clk 0:01:05]} Rxd6 {[%clk 0:00:10]} 38. Rhd1 {[%clk 0:01:01]} Rff6
{[%clk 0:00:04]} 39. Rxd6+ {[%clk 0:01:00]} Rxd6 {[%clk 0:00:05]} 40. Rxd6+
{[%clk 0:01:00]} Kxd6 {[%clk 0:00:07]} 41. Kxh7 {[%clk 0:01:01]} Ke5
{[%clk 0:00:08]} 42. Kg6 {[%clk 0:00:59]} Kf4 {[%clk 0:00:09]} 43. Kf6
{[%clk 0:00:59]} Kxf3 {[%clk 0:00:10]} 44. Ke6 {[%clk 0:01:00]} Ke4
{[%clk 0:00:09]} 45. Kd6 {[%clk 0:01:00]} Kd3 {[%clk 0:00:06]} 46. Kc7
{[%clk 0:00:57]} b5 {[%clk 0:00:06]} 47. Kxb7 {[%clk 0:00:31]} Kc2
{[%clk 0:00:07]} 48. b4 {[%clk 0:00:29]} Kc3 {[%clk 0:00:06]} 49. a3
{[%clk 0:00:30]} Kb3 {[%clk 0:00:06]} 50. Kb6 {[%clk 0:00:31]} 1-0

[Event "Blitz 2018"]
[Site "Saint-Petersburg"]
[Date "2018.12.29"]
[Round "11"]
[Board "56"]
[White "Sanal Vahap (TUR)"]
[Black "Sychev Klementy (RUS)"]
[Result "0-1"]
[LiveChessVersion "1.4.8"]
[BlackElo "2594"]
[WhiteElo "2488"]

1. e4 {[%clk 0:03:03]} e5 {[%clk 0:03:03]} 2. Nf3 {[%clk 0:03:04]} Nc6
{[%clk 0:03:05]} 3. Bb5 {[%clk 0:03:05]} a6 {[%clk 0:03:06]} 4. Bxc6
{[%clk 0:03:06]} dxc6 {[%clk 0:03:07]} 5. O-O {[%clk 0:03:06]} Bg4
{[%clk 0:03:08]} 6. h3 Bh5 7. g4 {[%clk 0:02:53]} Bg6 {[%clk 0:03:11]} 8. Nxe5
{[%clk 0:02:52]} Bd6 {[%clk 0:03:12]} 9. Nxg6 {[%clk 0:02:48]} hxg6
{[%clk 0:03:13]} 10. Qf3 {[%clk 0:02:45]} Qd7 {[%clk 0:03:15]} 11. d4
{[%clk 0:02:36]} O-O-O {[%clk 0:03:14]} 12. Nc3 {[%clk 0:02:29]} f5
{[%clk 0:03:16]} 13. e5 {[%clk 0:02:17]} Be7 {[%clk 0:03:14]} 14. Be3
{[%clk 0:02:14]} Rf8 {[%clk 0:03:13]} 15. Ne2 {[%clk 0:01:42]} Rh4
{[%clk 0:03:09]} 16. gxf5 {[%clk 0:01:12]} gxf5 {[%clk 0:02:36]} 17. Qg3
{[%clk 0:01:11]} g5 {[%clk 0:02:14]} 18. Bxg5 {[%clk 0:01:11]} Bxg5
{[%clk 0:01:59]} 19. Qxg5 {[%clk 0:01:13]} Rh7 {[%clk 0:02:00]} 20. Kh2
{[%clk 0:01:00]} Nh6 {[%clk 0:01:46]} 21. f3 {[%clk 0:00:51]} Rfh8
{[%clk 0:01:20]} 22. Qe3 {[%clk 0:00:35]} f4 {[%clk 0:01:09]} 23. Nxf4
{[%clk 0:00:35]} Nf5 {[%clk 0:01:08]} 24. Qe4 {[%clk 0:00:32]} Nxd4
{[%clk 0:01:06]} 25. e6 {[%clk 0:00:31]} Qd6 {[%clk 0:01:06]} 26. Kg2
{[%clk 0:00:21]} Rg7+ {[%clk 0:00:58]} 27. Kf2 {[%clk 0:00:22]} Nxc2
{[%clk 0:00:58]} 28. Qxc2 {[%clk 0:00:13]} Qxf4 {[%clk 0:00:57]} 29. Qe4
{[%clk 0:00:11]} Qd2+ {[%clk 0:00:58]} 30. Qe2 {[%clk 0:00:10]} Rg2+
{[%clk 0:00:59]} 31. Kxg2 {[%clk 0:00:12]} Qxe2+ 32. Kg3 Rg8+ {[%clk 0:00:58]}
33. Kf4 {[%clk 0:00:14]} Qxe6 {[%clk 0:00:58]} 34. Rae1 {[%clk 0:00:12]} Qf6+
{[%clk 0:00:58]} 35. Ke3 {[%clk 0:00:13]} Re8+ {[%clk 0:00:58]} 0-1